000 00923nam a2200289 i 4500
003 EG-GICUC
005 20260219182335.0
008 260219s1962 uk ||||fr|||| 00| 0 eng d
040 _aEG-GiCUC
_beng
_cEG-GiCUC
_dEG-GiCUC
_eRda
082 0 4 _221
_a341.04904
_bHU . P
092 0 4 _221
099 _aLaw1 11 341.04904 HU . P 1962
100 1 _aHughes, Christopher
_eAuthor.
245 1 4 _aThe Parliament of Switzerland /
_b
_n
_cChristopher Hughes.
264 1 _aLondon :
_bPublished for The Hansard Society,
_c1962.
300 _a203page :
_billustration ;
_c 24 cm.
336 _2rda contenu
_a texte
337 _2rda medias
_aOrdinateur
338 _2 transporteur rda
_a Ressource en ligne
504 _a
546 _aText in English
650 1 4 _aPublic international law
_2
651 1 _2
856 4 0 _uhttps://fll.law.cu.edu.eg/fulltext/bks/B11-07512.pdf
905 _a50
942 _2ddc
_cBK
_e21
_n0
999 _c63857
_d63857